One piece characters by description - Statistics

General Stats
  • This quiz has been taken 1,444 times
  • The average score is 26 of 31
Answer Stats
Description Character % Correct
The man who wants to become the king of the pirates Monkey D. Luffy / Luffy
100%
This character suffered very much as a child from the fishman Arlong Nami
99%
The man who wants to surpass Mihawk in a certain skill Roronoa Zoro / Zoro
99%
He was taught to be a doctor by Dr. Kureha Chopper
96%
The only person of the Straw Hats who can read poneglyphs Nico Robin / Robin
96%
His brothers were very mean to him in his childhood Vinsmoke Sanji / Sanji
94%
He was alone at sea for 50 years Brook
92%
This character defeated both Perona and Sugar Go D. Usopp / Usopp
92%
A yonko who has a pirate crew with her 85 children Charlotte Linlin / Big Mom
90%
He fought Fukurou at Ennies Lobby Franky
90%
He left Big Mom's crew to join the Straw Hats instead Jinbe
89%
She is in love with Luffy Boa Hancock / Hancock
88%
Luffy's father Monkey D. Dragon / Dragon
88%
The yonko Luffy aims to defeat in Wano Kaido
87%
The legendary hero of the marines Monkey D. Garp / Garp
86%
This character tortured the people of Dressrosa Donquixote Doflamingo / Doflamingo
85%
He ended Ace's life and gave Luffy the scar on his chest Akainu / Sakazuki
84%
The former pirate king Gold Roger / Roger / Gol D. Roger
84%
The first Admiral the Straw Hats encounter Aokiji / Kuzan
83%
This man used to duel Shanks from time to time before Shanks lost his arm Dracule Mihawk / Mihawk
82%
This yonko and his crew ended Whitebeard's life at Marineford Marshall D. Teach / Blackbeard
79%
This yonko was the only person to severely injure Akainu in the Marineford war Edward Newgate / Whitebeard
77%
This fleet admiral declared the Marineford war over Sengoku
77%
He used to work with Dragon, but later joined the Shichibukai Bartholomew Kuma / Kuma
76%
The right hand mate of the former pirate king Dark king Rayleigh / Rayleigh / Silvers Rayleigh
76%
He caused a devastating amount of trouble for the Straw Hats at Sabaody Archipelago Borsalino / Kizaru
74%
An admiral who respects Luffy Fujitora
74%
The first villain to defeat Luffy twice before their own defeat Crocodile
72%
He saved Koby's life from Akainu at Marineford Red hair / Shanks
71%
An extremely powerful pirate who was the captain of three yonkos: Kaido, Big Mom and Whitebeard Rocks / Rocks D. Xebec
68%
This legendary pirate was like an equal to Shanks; he survived several slashes from Mihawk: was part of the former pirate king's crew; is the captain of a pirate crew himself; he stood up to Whitebeard; escaped from Impel Down; he was also a Shichibukai. This man is a legendary and extremely powerful pirate, it was a miracle that Luffy managed to defeat him. Buggy D. Clown / Buggy
65%
No matching quizzes found
Score Distribution
Percent of People with Each Score
Percentile by Number Answered
Your Score History
You have not taken this quiz